<?xml version="1.0" encoding="UTF-8"?><?xml-stylesheet type="text/xsl" href="static/style.xsl"?><OAI-PMH xmlns="http://www.openarchives.org/OAI/2.0/" xmlns:xsi="http://www.w3.org/2001/XMLSchema-instance" xsi:schemaLocation="http://www.openarchives.org/OAI/2.0/ http://www.openarchives.org/OAI/2.0/OAI-PMH.xsd"><responseDate>2026-06-07T11:28:53Z</responseDate><request verb="GetRecord" identifier="oai:docta.ucm.es:20.500.14352/114287" metadataPrefix="marc">https://docta.ucm.es/rest/oai/request</request><GetRecord><record><header><identifier>oai:docta.ucm.es:20.500.14352/114287</identifier><datestamp>2025-03-18T13:23:00Z</datestamp><setSpec>com_20.500.14352_14</setSpec><setSpec>col_20.500.14352_21</setSpec></header><metadata><record xmlns="http://www.loc.gov/MARC21/slim" xmlns:dcterms="http://purl.org/dc/terms/" xmlns:xsi="http://www.w3.org/2001/XMLSchema-instance" xmlns:doc="http://www.lyncode.com/xoai" xsi:schemaLocation="http://www.loc.gov/MARC21/slim http://www.loc.gov/standards/marcxml/schema/MARC21slim.xsd">
   <leader>00925njm 22002777a 4500</leader>
   <datafield ind2=" " ind1=" " tag="042">
      <subfield code="a">dc</subfield>
   </datafield>
   <datafield ind2=" " ind1=" " tag="720">
      <subfield code="a">Hernández Martínez, David</subfield>
      <subfield code="e">author</subfield>
   </datafield>
   <datafield ind2=" " ind1=" " tag="260">
      <subfield code="c">2023</subfield>
   </datafield>
   <datafield ind2=" " ind1=" " tag="520">
      <subfield code="a">La invasión de Ucrania por parte de Rusia en febrero de 2022 representa un punto de inflexión en las dinámicas internacionales. El conflicto escenifica cambios profundos en el orden y status quo heredados del siglo XX. La guerra tiene un impacto directo en la seguridad y estabilidad global, que repercute en mayor o menor grado en todas las regiones del mundo. Oriente Medio y el norte de África son dos entornos que están sufriendo también las consecuencias económicas y políticas de la contienda entre Rusia y Ucrania.</subfield>
   </datafield>
   <datafield ind1="8" ind2=" " tag="024">
      <subfield code="a">Hernández Martínez, D. (2023): “La guerra de Rusia contra Ucrania: impacto geopolítico en Oriente Medio y norte de África”. Brochner, G; et al (directores.): ¿Hacia un nuevo telón de acero? 30 años de geopolítica en la posguerra fría. Valencia, Editorial Tirant Humanidades, pp. 207-234.</subfield>
   </datafield>
   <datafield ind1="8" ind2=" " tag="024">
      <subfield code="a">978-84-19471-86-4</subfield>
   </datafield>
   <datafield ind1="8" ind2=" " tag="024">
      <subfield code="a">https://hdl.handle.net/20.500.14352/114287</subfield>
   </datafield>
   <datafield ind1="8" ind2=" " tag="024">
      <subfield code="a">https://editorial.tirant.com/es/libro/el-impacto-de-la-guerra-de-ucrania-en-el-norte-de-africa-y-oriente-medio-9788411704335</subfield>
   </datafield>
   <datafield ind2="0" ind1="0" tag="245">
      <subfield code="a">La guerra de Rusia contra Ucrania: impacto geopolítico en Oriente Medio y norte de África</subfield>
   </datafield>
</record></metadata></record></GetRecord></OAI-PMH>